000 00719nam a22001937a 4500
999 _c157948
_d157948
005 20181012113507.0
010 _aENG-124257
020 _c395.00
_a9789352807482
035 _a EN-107789
037 _bDBAD/PUB.
082 _a658.314
100 _aUsher, Neil
245 _aThe elemental workplace:
_cby Neil Usher
_bthe 12 elements for creating a fantastic workplace for everyone /
260 _aNew Delhi
_bSage Publications India Pvt. Ltd.
_c2018
270 _aB1/I-1, Mohan Cooperative Industrial Area Mathura Road Post Bag 7
_bNew Delhi
_e110044
300 _axiii,215p.
_c22cm(pbk)
_bill.
500 _aIt includes about the author, about the illustrator.
942 _2ddc
_cEN
_mUSH
_h658.314